00468nam a2200145Ia 4500003000400000008004100004040001600045082001600061100002100077245007600098260005100174650003200225650003000257650003500287GCL140319s9999 xx 000 0 eng d aGCL / cGCL04a750.18bK P1 aKUBOVY, MICHAEL.10aThe Psychology of Perspect we and Renaissance art. / cKUBOVY, MICHAEL. a[S.N] : bCAMLRIDGE UNIVERSITY PRESS ، c198604aPERSPECTIVE PSYCHOLALOGICAL04aVISUAL PEREAPTION ASPEATS04aRENAISSANCE HISTORY - PAINTING